000 00319nam a22001457a 4500
008 210531b ||||| |||| 00| 0 eng d
020 _a9780199840809
041 _aeng
080 _a94
082 _a94
100 _a16
101 _aSHH
245 _aEurope in the Modern World
_cEdward Berenson
942 _2udc
_cBK
999 _c57856
_d57856